- Prénoms les plus donnés en 1970 - - Statistiques

Statistiques générales
  • Ce quiz a été pris 1 115 fois
  • Le résultat moyen est 54 sur 100
Statistiques - réponses
Position 1ère lettre Prénom % Correct
18 J Jean
88%
30 F François
85%
46 L Laure
84%
2 V Valérie
83%
1 N Nathalie
82%
1 C Christophe
81%
17 M Marie
81%
31 P Pierre
81%
4 I Isabelle
79%
15 P Patrick
78%
2 S Stéphane
78%
5 S Sylvie
78%
3 L Laurent
77%
5 O Olivier
77%
7 P Philippe
77%
6 S Sophie
75%
33 X Xavier
75%
4 D David
74%
12 K Karine
74%
3 S Sandrine
74%
10 V Véronique
74%
8 E Eric
70%
6 F Frédéric
70%
20 N Nicolas
69%
19 S Stéphanie
69%
10 T Thierry
69%
16 A Anne
68%
11 C Christine
68%
50 F Fabien
68%
28 C Christian
66%
7 L Laurence
66%
27 M Marc
66%
25 M Michel
66%
11 P Pascal
66%
25 D Dominique
65%
12 F Fabrice
65%
36 F Françoise
65%
23 P Patrice
65%
18 P Patricia
63%
16 S Sébastien
63%
22 V Vincent
63%
33 H Hélène
62%
8 C Christelle
61%
29 C Caroline
60%
9 C Catherine
60%
14 F Florence
60%
17 D Didier
59%
21 C Céline
58%
9 F Franck
58%
26 B Béatrice
57%
37 D Daniel
56%
23 V Virginie
56%
24 J Jérôme
55%
24 C Cécile
53%
35 D Denis
52%
49 G Guillaume
52%
29 S Sylvain
52%
13 B Bruno
51%
22 F Fabienne
51%
15 C Carole
49%
13 C Corinne
49%
44 S Sandra
49%
19 A Alain
48%
48 C Claire
48%
45 J Jean-Pierre
47%
41 B Benoit
46%
40 Y Yannick
45%
20 D Delphine
43%
40 M Martine
43%
37 P Pascale
43%
47 B Brigitte
42%
14 | 27 E Emmanuelle
42%
46 B Bertrand
41%
26 G Gilles
41%
34 L Ludovic
41%
21 H Hervé
40%
36 A Arnaud
39%
41 N Nadine
36%
47 J José
35%
28 S Sabine
32%
43 S Sonia
32%
50 C Chantal
31%
38 M Maria
31%
42 J Jean-Luc
30%
38 J Jean-Marc
29%
35 E Elisabeth
27%
39 J Jean-François
26%
48 C Cyril
24%
43 J Jean-Michel
24%
34 M Magali
24%
30 M Muriel
24%
31 M Myriam
22%
32 L Lionel
20%
39 N Nadia
20%
32 A Agnès
19%
42 K Katia
17%
44 R Richard
16%
45 M Murielle
8%
49 M Marie-Laure
6%
Aucun quiz correspondant
Distribution des résultats
% des personnes avec chaque résultat
Percentile par nombre de réponses
Votre historique - résultats
Vous n’avez pas pris ce quiz